Linux complete: (Record no. 195201)
[ view plain ]
| 000 -LEADER | |
|---|---|
| fixed length control field | 00653 a2200145 4500 |
| 003 - CONTROL NUMBER IDENTIFIER | |
| control field | Nust |
| 005 - DATE AND TIME OF LATEST TRANSACTION | |
| control field | 20170207154219.0 |
| 020 ## - INTERNATIONAL STANDARD BOOK NUMBER | |
| International Standard Book Number | 0672311046 |
| 040 ## - CATALOGING SOURCE | |
| Transcribing agency | Nust |
| 245 ## - TITLE STATEMENT | |
| Title | Linux complete: |
| Remainder of title | command reference |
| Statement of responsibility, etc. | J. Purcell (compiler) |
| 260 ## - PUBLICATION, DISTRIBUTION, ETC. | |
| Place of publication, distribution, etc. | Indiana |
| Name of publisher, distributor, etc. | Red Hat Press |
| Date of publication, distribution, etc. | 1997 |
| 300 ## - PHYSICAL DESCRIPTION | |
| Extent | 1527 p. |
| 505 ## - FORMATTED CONTENTS NOTE | |
| Formatted contents note | Part I User Commands (Page-2) Part II System Calls (Page-738) Part III Library Functions (Page-892) Part IV Special Files (Page-1064)Part V File Formats (Page-1104)Part VI Games (Page1210)Part VII Miscellaneous (Page-1214)Part VIII Administration and Privileged Commands (Page-1258) Part IX Kernel Reference Guide (page-1424) |
| 650 ## - SUBJECT ADDED ENTRY--TOPICAL TERM | |
| Topical term or geographic name entry element | Linux |
| 942 ## - ADDED ENTRY ELEMENTS (KOHA) | |
| Source of classification or shelving scheme | |
| Koha item type | Book |
| Withdrawn status | Lost status | Source of classification or shelving scheme | Damaged status | Not for loan | Collection code | Permanent Location | Current Location | Date acquired | Total Checkouts | Barcode | Date last seen | Price effective from | Koha item type |
|---|---|---|---|---|---|---|---|---|---|---|---|---|---|
| Military College of Signals (MCS) | Military College of Signals (MCS) | 12/12/2016 | MCSEB-676 | 12/08/2016 | 12/12/2016 | Book |
